000 00352cam a22001097a 4500
008 180718b1969 xxu||||| |||| 00| 0 eng d
082 _aR15303x54 In2b-1967
245 _aLok Sabha: the contract labour : report
_cby Lok Sabha Secretariat
260 _aNew Delhi
_bLok Sabha Secretariat
_c1969
300 _axxi, 68p
700 _aIndia. Lok Sabha Secretariat
999 _c495814
_d495814